000 00951cam a2200229 4500
001 WB3702-13
008 000000n2001 000 0 eng u
035 _a(Sirsi) u110313
245 _aHouse price gap
260 _c2001
490 _aGuardian
_v10 January 2001, 25(1)
520 _aHalifax predicts that the north-south divide in Britain's housing market will lessen during 2001, as recovery in the manufacturing sector encourages demand for property in industrial areas. In addition, the steep rise in house prices in London and the South East during 1999 made affordability an issue, and slowed price growth towards the end of 2000. Regional house prices map.
590 _aWB
650 _aHALIFAX
650 _aHOUSING MARKET
650 _aNORTH-SOUTH DIVIDE
650 _aHOUSE PRICES
650 _aFORECASTS
650 _aECONOMIC GROWTH
690 _aPROPERTY-RESIDENTIAL PROPERTY-RESIDENTIAL PROPERTY MARKET
942 _n0
999 _c65786
_d65786